Top 5 European League Top Scorers: 2002/03 - Statistics

General Stats
  • This quiz has been taken 14 times
  • The average score is 15 of 27
Answer Stats
League Goals Club Nationality Player % Correct
Premier League 19 Liverpool England Michael Owen
100%
Premier League 25 Manchester United Netherlands Ruud van Nistelrooy
100%
Premier League 24 Arsenal France Thierry Henry
100%
La Liga 23 Real Madrid Brazil Ronaldo
93%
Bundesliga 15 Bayern Munich Peru Claudio Pizarro
86%
La Liga 16 Real Madrid Spain Raul
86%
La Liga 29 Coruna Netherlands Roy Makaay
86%
Serie A 16 Juventus Italy Alessandro Del Piero
79%
Serie A 24 Inter Italy Christian Vieri
79%
Ligue 1 17 Guingamp Ivory Coast Didier Drogba
79%
Serie A 17 Milan Italy Filippo Inzaghi
71%
Premier League 20 Leeds Australia Mark Viduka
71%
Ligue 1 23 Bordeaux Portugal Pauleta
71%
La Liga 16 Barcelona Netherlands Patrick Kluivert
64%
Serie A 18 Parma Romania Adrian Mutu
57%
Serie A 15 Parma Brazil Adriano
50%
Bundesliga 21 Bayern Munich Brazil Giovane Elber
50%
Bundesliga 16 Werder Bremen Brazil Ailton
36%
Bundesliga 15 Stuttgart Germany Kevin Kuranyi
36%
Ligue 1 14 Auxerre France Djibril Cisse
29%
Serie A 15 Lazio Argentina Claudio Lopez
21%
Premier League 23 Southampton England James Beattie
14%
La Liga 20 Real Sociedad Yugoslavia Darko Kovacevic
7%
La Liga 23 Real Sociedad Turkey Nihat Kahveci
7%
Ligue 1 26 Monaco DR Congo Shabani Nonda
7%
Ligue 1 14 Sedan Senegal Henri Camara
0%
Bundesliga 21 Bochum Spain Thomas Christiansen
0%
No matching quizzes found
Score Distribution
Percent of People with Each Score
Percentile by Number Answered
Your Score History
You have not taken this quiz